Thiết kế bài giảng tiếng Anh 7 : Trung học cơ sở
Nội dung sách viết theo đúng trình tự các bài học trong sách giáo khoa lớp 7: gồm 8 bài, mỗi bài được chia thành từ 4 đến 5 tiết. Ở mỗi tiết học đều chỉ rõ mục tiêu, đồng thời chỉ rõ các công việc chuẩn bị của giáo viên, các phương tiẹ...
Na minha lista:
| Autor principal: | |
|---|---|
| Formato: | Livro |
| Idioma: | Undetermined |
| Publicado em: |
Hà Nội
Nhà xuất bản Hà Nội
2003
|
| Assuntos: | |
| Tags: |
Adicionar Tag
Sem tags, seja o primeiro a adicionar uma tag!
|
| Thư viện lưu trữ: | Trung tâm Học liệu Trường Đại học Cần Thơ |
|---|
| LEADER | 01130nam a2200229Ia 4500 | ||
|---|---|---|---|
| 001 | CTU_120137 | ||
| 008 | 210402s9999 xx 000 0 und d | ||
| 020 | |c 23000 | ||
| 082 | |a 407 | ||
| 082 | |b B312/T.1 | ||
| 100 | |a Chu, Quang Bình | ||
| 245 | 0 | |a Thiết kế bài giảng tiếng Anh 7 : | |
| 245 | 0 | |b Trung học cơ sở | |
| 245 | 0 | |c Chu Quang Bình | |
| 260 | |a Hà Nội | ||
| 260 | |b Nhà xuất bản Hà Nội | ||
| 260 | |c 2003 | ||
| 520 | |a Nội dung sách viết theo đúng trình tự các bài học trong sách giáo khoa lớp 7: gồm 8 bài, mỗi bài được chia thành từ 4 đến 5 tiết. Ở mỗi tiết học đều chỉ rõ mục tiêu, đồng thời chỉ rõ các công việc chuẩn bị của giáo viên, các phương tiện trợ giảng cần thiết nhằm đảm bảo chất lượng từng tiết học trên lớp. | ||
| 650 | |a Language and languages | ||
| 650 | |x Study and teaching | ||
| 904 | |i Hiếu | ||
| 980 | |a Trung tâm Học liệu Trường Đại học Cần Thơ | ||